000 00485nam a2200193Ia 4500
001 24366
003 IN-NITTTR
005 20251114233312.0
008 251113s9999||||xx |||||||||||||| ||eng||
040 _beng
040 _cIN-NITTTR
041 _aeng
082 _a530 H14F
100 _aHalliday, David
245 0 _aFundamentals of Physics. /
_cHalliday, David, Resnick, Robert, Walker, Jearl.
700 _a Resnick, Robert
700 _a Walker, Jearl.
942 _2ddc
_cBK
999 _c26995
_d26995